Marketing Abbreviations Quiz Stats

Quiz not verified by Sporcle

Challenge
Share
Tweet
Embed
Score 0/25 Timer 10:00
0 Plays Today
Hint Answer % Correct
CTRClick Through Rate
91.7%
CPCCost Per Click
75%
CRMCustomer Relationship Management
66.7%
ROIReturn on Investment
66.7%
SEOSearch Engine Optimisation
66.7%
KPIKey Performance Indicator
66.7%
PPCPay Per Click
66.7%
B2BBusiness to business
66.7%
CMSContent Management System
58.3%
CPACost Per Acquisition
58.3%
B2CBusiness to Customer
58.3%
UXUser Experience
50%
CMOChief Marketing Officer
45.5%
Hint Answer % Correct
CPLCost per Lead
41.7%
SEMSearch Engine Marketing
41.7%
SaasSoftware as a Service
36.4%
GAGoogle Analytics
33.3%
UGCUser Generated Content
33.3%
NPSNet Promoter Score
27.3%
CROConversion Rate Optimisation
25%
SMMSocial Media Marketing
25%
CTACall To Action
25%
DMDirect Message
18.2%
RSSReally Simple Syndication
16.7%
BRBounce Rate
9.1%

You're not logged in!

Compare scores with friends on all Sporcle quizzes.
Sign Up with Email
OR
Log In

You Might Also Like...

Show Comments

Extras

Top Quizzes Today


Score Distribution

Your Account Isn't Verified!

In order to create a playlist on Sporcle, you need to verify the email address you used during registration. Go to your Sporcle Settings to finish the process.

Report this User

Report this user for behavior that violates our Community Guidelines.

Details: